[Event "10. Lovsprings EMT Basis 2 1998"]
[Site "Ringsted"]
[Date "1998.03.27"]
[Round "3"]
[White "Munksgaard, Bo"]
[Black "Hansen, John Brangstrup"]
[Result "1-0"]
[WhiteElo "1500"]
[BlackElo "1597"]
[PlyCount "67"]
[EventDate "1998.??.??"]

1. e4 c5 2. Nf3 Nc6 3. d4 cxd4 4. Nxd4 e5 5. Nb5 a6 6. Nd6+ Bxd6 7. Qxd6 Qf6 8.
Qc7 Nge7 9. Bd3 b5 10. Be3 Rb8 11. Bc5 Rb7 12. Qd6 Qxd6 13. Bxd6 Ng6 14. g3 Nd4
15. Nd2 Rb6 16. Bb4 Bb7 17. O-O d5 18. f4 dxe4 19. Nxe4 Bxe4 20. Bxe4 exf4 21.
gxf4 Nxf4 22. Rae1 Nde6 23. Rf3 g6 24. Rc3 Rb8 25. Bc6+ Kd8 26. Rd1+ Kc7 27.
Ba5+ Rb6 28. Rd7+ Kc8 29. Bxb6 Ne2+ 30. Kf1 Nxc3 31. bxc3 f5 32. Ra7 Nc7 33.
Rxc7+ Kb8 34. Ra7 1-0

[Event "10. Lovsprings EMT Basis 2 1998"]
[Site "Ringsted"]
[Date "1998.03.27"]
[Round "3"]
[White "Nikolajsen, Martin"]
[Black "Christoffersen, Per"]
[Result "1/2-1/2"]
[WhiteElo "1315"]
[BlackElo "1432"]
[PlyCount "117"]
[EventDate "1998.??.??"]

1. e4 e6 2. Nc3 d5 3. exd5 exd5 4. d4 Bb4 5. Nf3 c6 6. Be2 Ne7 7. O-O O-O 8.
Bd2 Nd7 9. Bg5 f6 10. Bf4 Nb6 11. Bd3 Bf5 12. Re1 Bxd3 13. Qxd3 Ng6 14. Bd2 Qd7
15. b3 Rfe8 16. a3 Bd6 17. a4 a5 18. Na2 Rec8 19. Qe2 Re8 20. Qd3 Qg4 21. Rxe8+
Rxe8 22. h3 Qe4 23. Re1 Qxd3 24. Rxe8+ Kf7 25. cxd3 Kxe8 26. Bxa5 Nc8 27. g3
Kd7 28. Kf1 Nge7 29. Bb4 g5 30. Bxd6 Nxd6 31. Ke2 h6 32. Nb4 Kc7 33. Nc2 Kb6
34. b4 Ka6 35. Nd2 b6 36. g4 Ng6 37. Ke3 Nf4 38. Ne1 Nxh3 39. Ng2 f5 40. f3
fxg4 41. fxg4 Ne8 42. Nf3 Ng7 43. Ne5 Kb7 44. Kf3 Ne6 45. Kg3 Nhf4 46. Nxf4
Nxf4 47. Kf3 h5 48. gxh5 Nxh5 49. Kg4 Nf4 50. Kxg5 Ne2 51. Kf6 Nxd4 52. Ke7 Nc2
53. b5 cxb5 54. axb5 Na3 55. Kd6 Nxb5+ 56. Kxd5 Nc7+ 57. Kc4 Ka6 58. Kb3 b5 59.
Nc4 1/2-1/2

[Event "10. Lovsprings EMT Basis 2 1998"]
[Site "Ringsted"]
[Date "1998.04.17"]
[Round "4"]
[White "Hansen, John Brangstrup"]
[Black "Elholm, Tommy"]
[Result "0-1"]
[WhiteElo "1597"]
[BlackElo "1585"]
[PlyCount "68"]
[EventDate "1998.??.??"]

1. d4 Nf6 2. c4 c5 3. d5 b5 4. e3 bxc4 5. Bxc4 d6 6. Nc3 g6 7. Nge2 Bg7 8. b3
O-O 9. O-O Nbd7 10. Ng3 Ne5 11. Be2 Rb8 12. e4 Rb4 13. Qc2 h5 14. f3 h4 15. Nh1
c4 16. Bd2 Qb6+ 17. Nf2 cxb3 18. axb3 Rxb3 19. Rfb1 Rxb1+ 20. Rxb1 Qc7 21. Qa2
Bd7 22. Nb5 Bxb5 23. Rxb5 Rc8 24. Be3 Qc3 25. Bxa7 Qe1+ 26. Bf1 Rc1 27. Rb8+
Kh7 28. Qa6 Nc4 29. Qxc4 Rxc4 30. Nd3 Qa1 31. Be3 Nh5 32. Rb7 Bd4 33. Bxd4
Qxd4+ 34. Kh1 Qxd3 0-1

[Event "10. Lovsprings EMT Basis 2 1998"]
[Site "Ringsted"]
[Date "1998.04.17"]
[Round "4"]
[White "Jensen, Dan Bronnum"]
[Black "Krag Jacobsen, Alan"]
[Result "1-0"]
[WhiteElo "1439"]
[BlackElo "1379"]
[PlyCount "157"]
[EventDate "1998.??.??"]

1. e4 c5 2. Nf3 d6 3. d4 cxd4 4. Nxd4 Nf6 5. Nc3 a6 6. Be2 e5 7. Nf3 Be7 8. h3
b5 9. O-O Bb7 10. Re1 Nbd7 11. Bd3 O-O 12. Be3 b4 13. Nd5 Nxd5 14. exd5 Nf6 15.
Bc4 Re8 16. a3 Qa5 17. Bd2 Qc5 18. Bb3 a5 19. Be3 Qb5 20. a4 Qd7 21. Bc4 Qc7
22. b3 Rac8 23. Bg5 Nd7 24. Be3 Rf8 25. Nh2 f5 26. f4 e4 27. Rc1 Bf6 28. Qh5
Bc3 29. Red1 Nb6 30. Bxb6 Qxb6+ 31. Kf1 Qe3 32. Qh4 Bd2 33. Rb1 Qxf4+ 34. Qxf4
Bxf4 35. Kg1 Rcd8 36. Nf1 Rfe8 37. g3 Be5 38. Kg2 Bc3 39. Ne3 Rf8 40. Rf1 Bc8
41. Rbd1 Rf6 42. Bb5 Rdf8 43. Nc4 Be5 44. Nxe5 dxe5 45. d6 Rd8 46. d7 Bb7 47.
Kg1 g6 48. Rd2 Kf8 49. Rfd1 Ke7 50. Bc4 g5 51. Bd5 Rxd7 52. Bxb7 Rxb7 53. Rd5
Ra7 54. Rxe5+ Kf7 55. Rdd5 Rfa6 56. Rxf5+ Kg7 57. Rxg5+ Rg6 58. Rxg6+ Kxg6 59.
Re5 Kf6 60. Rxe4 Rc7 61. Re2 Rc5 62. Kf1 h5 63. Ke1 Rg5 64. Rg2 Re5+ 65. Kd2
Kg6 66. Kd3 Kf6 67. Kd4 Rg5 68. g4 h4 69. Rf2+ Kg6 70. Rf8 Kg7 71. Rd8 Kh7 72.
Rd5 Rxd5+ 73. Kxd5 Kg6 74. Kc5 Kf6 75. Kb5 Ke5 76. Kxa5 Kf4 77. Kxb4 Kg3 78. g5
Kxh3 79. g6 1-0

[Event "10. Lovsprings EMT Basis 2 1998"]
[Site "Ringsted"]
[Date "1998.04.17"]
[Round "4"]
[White "Jensen, Jorgen"]
[Black "Jensen, Soren3"]
[Result "0-1"]
[WhiteElo "1349"]
[BlackElo "1306"]
[PlyCount "86"]
[EventDate "1998.??.??"]

1. e4 e5 2. Nf3 Nc6 3. Bc4 Nf6 4. Nc3 Bb4 5. d3 Bxc3+ 6. bxc3 d6 7. h3 Be6 8.
Bb3 a6 9. Ng5 d5 10. exd5 Bxd5 11. O-O h6 12. Nf3 Qd6 13. a4 O-O-O 14. Be3 Na5
15. Bxd5 Qxd5 16. Qb1 e4 17. dxe4 Nxe4 18. Qb4 Nc6 19. Qb2 Qc4 20. Rfb1 Na5 21.
Ra3 f6 22. Nd4 Rd7 23. Nb3 Nc6 24. a5 Nd8 25. Nd4 c6 26. Rb3 Re8 27. Nf5 Qd5
28. Nh4 Ree7 29. Ng6 Rf7 30. Nf4 Qxa5 31. Ra3 Qb5 32. Rb3 Qe5 33. Nd3 Qe7 34.
Nb4 Nc5 35. Bxc5 Qxc5 36. Nd3 Qe7 37. Nb4 Qc5 38. Nd3 Qa7 39. Qa3 Ne6 40. Rb6
Rd5 41. Nb4 Qxb6 42. Nxd5 Qxb1+ 43. Kh2 cxd5 0-1

[Event "10. Lovsprings EMT Basis 2 1998"]
[Site "Ringsted"]
[Date "1998.04.17"]
[Round "4"]
[White "Kroyer, Stefan M"]
[Black "Munksgaard, Bo"]
[Result "1-0"]
[WhiteElo "1601"]
[BlackElo "1500"]
[PlyCount "125"]
[EventDate "1998.??.??"]

1. d4 f5 2. c4 e6 3. Nc3 Nf6 4. Nf3 Be7 5. Bg5 d5 6. e3 c6 7. Bd3 O-O 8. O-O
Ne4 9. Bxe7 Qxe7 10. Rc1 Nd7 11. cxd5 exd5 12. Bxe4 fxe4 13. Nd2 Nf6 14. h3 Bd7
15. Qb3 Rab8 16. Na4 Qf7 17. Nc5 Bc8 18. f3 exf3 19. Rxf3 Qe7 20. Rcf1 b6 21.
Nd3 Ba6 22. Rc1 c5 23. Ne5 Rfc8 24. Qa4 Qb7 25. dxc5 bxc5 26. b3 Bb5 27. Qh4
Qe7 28. Ng4 Rb6 29. Qg5 Be2 30. Nxf6+ Rxf6 31. Rxf6 Qxf6 32. Qxd5+ Kh8 33. Rxc5
Rd8 34. Qf5 Qxf5 35. Rxf5 g6 36. Ra5 Rxd2 37. Rxa7 Bd1 38. Kf1 Bc2 39. b4 Be4
40. g3 Rg2 41. b5 Rb2 42. a4 Bg2+ 43. Ke1 Bxh3 44. Ra6 Bf5 45. b6 Be4 46. a5
Rb1+ 47. Kd2 h5 48. Ra7 g5 49. Re7 Bg2 50. Re5 h4 51. gxh4 gxh4 52. Rh5+ Kg7
53. Rxh4 Kf6 54. Rh6+ Ke5 55. a6 Ra1 56. b7 Bxb7 57. axb7 Rb1 58. Rh7 Kd6 59.
Kd3 Kc6 60. Kd4 Rd1+ 61. Ke5 Rb1 62. e4 Rb6 63. Rh6+ 1-0

[Event "10. Lovsprings EMT Basis 2 1998"]
[Site "Ringsted"]
[Date "1998.04.17"]
[Round "4"]
[White "Mouritsen, Jan"]
[Black "Mortensen, Orla Lind"]
[Result "1-0"]
[WhiteElo "1461"]
[BlackElo "1384"]
[PlyCount "129"]
[EventDate "1998.??.??"]

1. d4 Nf6 2. Nf3 d5 3. g3 e6 4. Bg2 Bd6 5. O-O O-O 6. Nbd2 Nbd7 7. c4 c6 8. Qc2
b6 9. e4 dxe4 10. Nxe4 Nxe4 11. Qxe4 Bb7 12. Ng5 Nf6 13. Qd3 Qc7 14. Be4 Nxe4
15. Qxe4 g6 16. Qh4 h5 17. g4 Bf4 18. gxh5 Bxg5 19. Bxg5 f6 20. Bxf6 Qf7 21.
Be5 c5 22. Qg3 Kh7 23. hxg6+ Qxg6 24. dxc5 Rg8 25. Qxg6+ Rxg6+ 26. Bg3 bxc5 27.
Rad1 Bf3 28. Rd2 Rag8 29. Re1 Rg4 30. Re3 Bc6 31. Rxe6 Ba8 32. b3 R8g5 33. Ra6
Rg7 34. Rdd6 Re4 35. Kf1 Reg4 36. Ra5 R4g5 37. h4 Rf5 38. Kg1 Rh5 39. Kh2 Bf3
40. Raa6 Be4 41. a3 Kg8 42. b4 Rf5 43. b5 Rf3 44. Rd8+ Kh7 45. Re6 Bb7 46. Ree8
Rxa3 47. h5 Kh6 48. Re5 Kh7 49. Ree8 Kh6 50. Rh8+ Kg5 51. Be5 Rf7 52. Rdg8+ Kf5
53. f4 Rd7 54. Rg5+ Ke4 55. Rhg8 Rdd3 56. Rg3 Ra2+ 57. Rg2 Ra4 58. h6 Raa3 59.
R8g3 Kf5 60. Rxd3 Rxd3 61. Rg5+ Ke6 62. h7 Rd2+ 63. Kg1 Rd1+ 64. Kf2 Rd2+ 65.
Ke1 1-0

[Event "10. Lovsprings EMT Basis 2 1998"]
[Site "Ringsted"]
[Date "1998.04.17"]
[Round "4"]
[White "Nilsson, Jonas Gosta"]
[Black "Christoffersen, Ib"]
[Result "1-0"]
[WhiteElo "1471"]
[BlackElo "1341"]
[PlyCount "105"]
[EventDate "1998.??.??"]

1. e4 c5 2. Nf3 Nc6 3. d4 cxd4 4. Nxd4 e5 5. Nxc6 bxc6 6. Bd3 Bc5 7. Nd2 Nf6 8.
Nb3 Bb6 9. Bg5 h6 10. Bh4 Qe7 11. Qf3 d5 12. h3 Be6 13. O-O g5 14. Bg3 dxe4 15.
Bxe4 Nxe4 16. Qxe4 Bd5 17. Qxe5 Qxe5 18. Bxe5 O-O 19. Rac1 Rfe8 20. Bc3 Re2 21.
Nd4 Bxd4 22. Bxd4 Bxa2 23. b3 a6 24. Rfe1 Rae8 25. Be3 Rxe1+ 26. Rxe1 Re5 27.
Ra1 Bxb3 28. cxb3 a5 29. Rc1 Rb5 30. Rxc6 Rxb3 31. Rxh6 a4 32. Ra6 g4 33. Rxa4
gxh3 34. gxh3 Rb5 35. h4 Rf5 36. Kg2 Kg7 37. Kg3 Rd5 38. Kg4 Kg6 39. h5+ Kg7
40. Ra7 Rb5 41. Bd4+ Kf8 42. f4 Rb1 43. Bf6 Rb8 44. Rd7 Ke8 45. Rd8+ Rxd8 46.
Bxd8 Kf8 47. h6 Kg8 48. Kf5 Kh7 49. Kf6 Kxh6 50. Kxf7 Kh7 51. f5 Kh8 52. f6 Kh7
53. Ke7 1-0

[Event "10. Lovsprings EMT Basis 2 1998"]
[Site "Ringsted"]
[Date "1998.04.17"]
[Round "4"]
[White "Orup, Kim Amdi"]
[Black "Christoffersen, Per"]
[Result "0-1"]
[WhiteElo "1316"]
[BlackElo "1432"]
[PlyCount "108"]
[EventDate "1998.??.??"]

1. e4 e6 2. Nc3 d5 3. d4 Nf6 4. exd5 exd5 5. Qe2+ Be6 6. Nf3 Nc6 7. g3 Be7 8.
Bg2 O-O 9. O-O Bg4 10. Be3 Re8 11. Qb5 Be6 12. Qxb7 Qd7 13. Qa6 Nb4 14. Qe2 Bf5
15. Ne5 Qe6 16. Rac1 Rab8 17. f4 Nc6 18. b3 Bb4 19. Nb1 Ng4 20. c4 Ne7 21. Nxg4
Bxg4 22. Qf2 dxc4 23. Rxc4 Bf5 24. Rxc7 Nd5 25. Bxd5 Qxd5 26. Bd2 Bh3 27. Bxb4
Bxf1 28. Rc5 Qg2+ 29. Qxg2 Bxg2 30. Kxg2 Rxb4 31. Nc3 Rxd4 32. Ra5 Rd2+ 33. Kh3
Rd3 34. Nb5 Rd5 35. a4 Rd3 36. Nc7 Rc8 37. Rb5 h6 38. a5 Rxc7 39. b4 Rd2 40. a6
Rc6 41. Rb8+ Kh7 42. b5 Rb6 43. Rxb6 axb6 44. Kg4 g6 45. f5 Kg7 46. fxg6 fxg6
47. Kf4 Kf7 48. Ke5 Ke7 49. g4 h5 50. h3 hxg4 51. hxg4 Kf7 52. Ke4 Ke6 53. g5
Rd5 54. a7 Rd8 0-1

[Event "10. Lovsprings EMT Basis 2 1998"]
[Site "Ringsted"]
[Date "1998.04.17"]
[Round "4"]
[White "Petersen, Torben William"]
[Black "Nikolajsen, Martin"]
[Result "1/2-1/2"]
[WhiteElo "1398"]
[BlackElo "1315"]
[PlyCount "64"]
[EventDate "1998.??.??"]

1. d4 d5 2. c4 e6 3. Nc3 Nf6 4. cxd5 exd5 5. Bg5 c6 6. e3 Nbd7 7. Nf3 h6 8. Bh4
Bb4 9. a3 Bxc3+ 10. bxc3 Qa5 11. Qb3 Ne4 12. Qb4 Qxb4 13. cxb4 O-O 14. Rc1 a6
15. Be2 f6 16. Nd2 Nxd2 17. Kxd2 Nb6 18. Bg3 Bd7 19. Bd6 Rfc8 20. Bc5 Na4 21.
Bd1 Nxc5 22. Rxc5 b6 23. Rc1 a5 24. bxa5 Rxa5 25. a4 c5 26. dxc5 Rcxc5 27. Rxc5
bxc5 28. Bb3 c4 29. Bc2 Ra8 30. Ra1 Kf7 31. Kc3 Ke6 32. e4 dxe4 1/2-1/2

[Event "10. Lovsprings EMT Basis 2 1998"]
[Site "Ringsted"]
[Date "1998.04.17"]
[Round "4"]
[White "Skovgaard, Mikael"]
[Black "Svava, Mogens"]
[Result "1-0"]
[WhiteElo "1400"]
[BlackElo "1370"]
[PlyCount "57"]
[EventDate "1998.??.??"]

1. e4 d5 2. exd5 Qxd5 3. Nc3 Qa5 4. Nf3 Bg4 5. h3 Bh5 6. Bb5+ c6 7. Be2 Nd7 8.
d4 Ngf6 9. O-O e6 10. Bf4 Bb4 11. Rb1 Nb6 12. Ne5 Bxe2 13. Qxe2 O-O 14. Qf3
Bxc3 15. Qxc3 Qxc3 16. bxc3 Nbd5 17. Bd2 Ne4 18. Be3 Nexc3 19. Rxb7 Nxa2 20.
Nxc6 Rfc8 21. Ra1 Rxc6 22. Rxa2 a5 23. Rxa5 Rac8 24. Ra2 h6 25. Raa7 Rxc2 26.
Rxf7 R2c7 27. Rfxc7 Rxc7 28. Rxc7 Nxc7 29. Bf4 1-0

[Event "10. Lovsprings EMT Basis 2 1998"]
[Site "Ringsted"]
[Date "1998.04.24"]
[Round "5"]
[White "Christoffersen, Per"]
[Black "Mouritsen, Jan"]
[Result "0-1"]
[WhiteElo "1432"]
[BlackElo "1461"]
[PlyCount "66"]
[EventDate "1998.??.??"]

1. d4 Nf6 2. c4 e6 3. Nc3 Bb4 4. Nf3 O-O 5. e3 b6 6. Bd2 c5 7. a3 cxd4 8. axb4
dxc3 9. Bxc3 Bb7 10. Bd3 Ne4 11. O-O Nxc3 12. bxc3 Qf6 13. Nd4 Qg5 14. e4 f5
15. Re1 fxe4 16. Rxe4 Bxe4 17. Bxe4 Nc6 18. Bxc6 dxc6 19. Nxe6 Qf6 20. Nxf8
Rxf8 21. Qe1 Qf7 22. Qe2 Re8 23. Qd3 Rf8 24. f3 Qe7 25. Rd1 Re8 26. b5 cxb5 27.
cxb5 h6 28. c4 Qc5+ 29. Kf1 Qc7 30. Qd5+ Kh8 31. Kg1 Qe7 32. Qd7 Qc5+ 33. Qd4
Rd8 0-1

[Event "10. Lovsprings EMT Basis 2 1998"]
[Site "Ringsted"]
[Date "1998.04.24"]
[Round "5"]
[White "Elholm, Tommy"]
[Black "Kroyer, Stefan M"]
[Result "1/2-1/2"]
[WhiteElo "1585"]
[BlackElo "1601"]
[PlyCount "84"]
[EventDate "1998.??.??"]

1. d4 d5 2. c4 c6 3. Nf3 Nf6 4. Nbd2 Nbd7 5. e3 g6 6. Bd3 Bg7 7. Qc2 dxc4 8.
Nxc4 Nb6 9. Nce5 Nbd5 10. Bd2 Nd7 11. e4 Nxe5 12. dxe5 Nc7 13. Rd1 Be6 14. Bc3
Qc8 15. a4 O-O 16. O-O Bg4 17. Be2 Bxf3 18. Bxf3 Qe6 19. h3 Bxe5 20. Bg4 Qf6
21. Bxe5 Qxe5 22. f4 Qa5 23. Rd7 e6 24. Kh2 Ne8 25. e5 Ng7 26. Rfd1 Qb6 27.
R1d3 Rfd8 28. Qd2 Rxd7 29. Rxd7 c5 30. a5 Qc6 31. Bf3 Qa4 32. Rxb7 Qd4 33. Qxd4
cxd4 34. Rd7 Rb8 35. Rxd4 Nf5 36. Rd7 Rxb2 37. Rxa7 Ne3 38. Kg3 Nf5+ 39. Kh2
Ne3 40. Ra8+ Kg7 41. Kg3 Nf5+ 42. Kh2 Ne3 1/2-1/2

[Event "10. Lovsprings EMT Basis 2 1998"]
[Site "Ringsted"]
[Date "1998.04.24"]
[Round "5"]
[White "Jensen, Dan Bronnum"]
[Black "Petersen, Torben William"]
[Result "0-1"]
[WhiteElo "1439"]
[BlackElo "1398"]
[PlyCount "100"]
[EventDate "1998.??.??"]

1. Nf3 Nf6 2. g3 d5 3. Bg2 c6 4. O-O e6 5. d4 Be7 6. Nbd2 O-O 7. c4 Nbd7 8. c5
Qc7 9. b4 e5 10. dxe5 Nxe5 11. Bb2 Nxf3+ 12. Nxf3 Be6 13. Be5 Qd7 14. Ng5 Bf5
15. Nf3 Ng4 16. Bd4 Bf6 17. Bxf6 Nxf6 18. Qd4 Rae8 19. Qb2 Bh3 20. Rfe1 Bxg2
21. Kxg2 Qf5 22. Rad1 Re7 23. Rd4 Rfe8 24. Rf4 Qd7 25. Qc2 Re4 26. Rxe4 Rxe4
27. a3 h6 28. e3 Nh7 29. Nd2 Ng5 30. Kh1 Qf5 31. f4 Qg4 32. fxg5 Re6 33. Nf1
Qxg5 34. Qg2 d4 35. e4 f5 36. e5 f4 37. Qf3 fxg3 38. Qxg3 Qf5 39. Kg2 Rg6 40.
e6 Rxg3+ 41. hxg3 Qd5+ 42. Kg1 Kf8 43. Nd2 Ke7 44. Kf2 Qa2 45. Rd1 Qxa3 46. Re1
Qb2 47. Ke2 Qxb4 48. Rb1 Qxc5 49. Rxb7+ Kxe6 50. Rxg7 Qe5+ 0-1

[Event "10. Lovsprings EMT Basis 2 1998"]
[Site "Ringsted"]
[Date "1998.04.24"]
[Round "5"]
[White "Jensen, Jorgen"]
[Black "Skovgaard, Mikael"]
[Result "0-1"]
[WhiteElo "1349"]
[BlackElo "1400"]
[PlyCount "92"]
[EventDate "1998.??.??"]

1. e4 c5 2. Bc4 e6 3. Nc3 a6 4. d3 Nc6 5. a3 Nf6 6. Nf3 b5 7. Bb3 d6 8. O-O Be7
9. Bd2 O-O 10. Re1 Na5 11. Ba2 c4 12. dxc4 Nxc4 13. Bc1 Bb7 14. Qe2 Qc7 15. Nd2
Nxa3 16. Bb3 b4 17. bxa3 Qxc3 18. Ra2 Qc6 19. f3 Qc5+ 20. Kh1 Nh5 21. axb4 Qg5
22. Nc4 Qh4 23. Kg1 d5 24. Na5 Bxb4 25. Bd2 Bxa5 26. Rxa5 dxe4 27. fxe4 Nf6 28.
e5 Nd5 29. Ra4 Qe7 30. Bxd5 Qc5+ 31. Be3 Qxd5 32. Bd4 Bc6 33. Rea1 Bxa4 34.
Rxa4 Qb5 35. Qxb5 axb5 36. Rb4 Ra4 37. Bc3 Rxb4 38. Bxb4 Rd8 39. Kf2 Rd5 40.
Bc3 Rc5 41. Bb4 Rxc2+ 42. Kf3 Rb2 43. Bc5 b4 44. h4 b3 45. Ke3 Rxg2 46. Bd4 b2
0-1

[Event "10. Lovsprings EMT Basis 2 1998"]
[Site "Ringsted"]
[Date "1998.04.24"]
[Round "5"]
[White "Jensen, Soren3"]
[Black "Nikolajsen, Martin"]
[Result "0-1"]
[WhiteElo "1306"]
[BlackElo "1315"]
[PlyCount "56"]
[EventDate "1998.??.??"]

1. e4 e5 2. Bc4 Bc5 3. Bxf7+ Kxf7 4. Qh5+ Kf8 5. Qxe5 d6 6. Qg3 Nc6 7. Nf3 Nf6
8. d3 Nh5 9. Qg5 Qxg5 10. Bxg5 Bg4 11. Nbd2 h6 12. Be3 Nb4 13. Kd1 Nc6 14. Bxc5
dxc5 15. h3 Be6 16. Nh4 Kf7 17. g4 Nf4 18. Rh2 h5 19. Ndf3 hxg4 20. Ng5+ Kf6
21. Nxe6 Kxe6 22. hxg4 g5 23. Nf3 Rxh2 24. Nxh2 Rh8 25. Nf3 Rh1+ 26. Ne1 Ng2
27. Ke2 Nd4+ 28. Kd2 Nxe1 0-1

[Event "10. Lovsprings EMT Basis 2 1998"]
[Site "Ringsted"]
[Date "1998.04.24"]
[Round "5"]
[White "Nilsson, Jonas Gosta"]
[Black "Munksgaard, Bo"]
[Result "1-0"]
[WhiteElo "1471"]
[BlackElo "1500"]
[PlyCount "45"]
[EventDate "1998.??.??"]

1. e4 d5 2. exd5 Qxd5 3. Qf3 Nf6 4. Nc3 Qa5 5. h3 c6 6. d4 g6 7. Bc4 Bg7 8.
Nge2 O-O 9. Bd2 Qd8 10. O-O b5 11. Bxb5 Qb6 12. Be3 cxb5 13. Qxa8 Bb7 14. d5
Bxa8 15. Bxb6 axb6 16. Nxb5 Nxd5 17. c3 e5 18. Rad1 Na6 19. a3 Rc8 20. Nd6 Rd8
21. Nc4 f5 22. Nxb6 Nac7 23. c4 1-0

[Event "10. Lovsprings EMT Basis 2 1998"]
[Site "Ringsted"]
[Date "1998.04.24"]
[Round "5"]
[White "Orup, Kim Amdi"]
[Black "Mortensen, Orla Lind"]
[Result "0-1"]
[WhiteElo "1316"]
[BlackElo "1384"]
[PlyCount "78"]
[EventDate "1998.??.??"]

1. e4 e6 2. d4 d5 3. e5 c5 4. c3 Nc6 5. Nf3 Qb6 6. b3 cxd4 7. Nxd4 Nxe5 8. Be3
Qd8 9. Nd2 Nf6 10. Be2 Be7 11. O-O Bd7 12. c4 b6 13. Rc1 Rc8 14. f4 Nc6 15.
Nxc6 Bxc6 16. Nf3 Ng4 17. Bd4 Nf6 18. Ne5 O-O 19. Kh1 Bb7 20. Bf3 Rc7 21. Ng4
Nxg4 22. Bxg4 dxc4 23. bxc4 Rd7 24. Bxb6 axb6 25. Qb3 Bc5 26. Qh3 Rd2 27. Bf3
Bxf3 28. Qxf3 Qa8 29. f5 Qxf3 30. Rxf3 Rfd8 31. Rcf1 exf5 32. Rxf5 f6 33. a4
Rd1 34. h3 Rxf1+ 35. Rxf1 Rd4 36. Rc1 Kf7 37. Kh2 Rd3 38. Rb1 Ra3 39. a5 Rxa5
0-1

[Event "10. Lovsprings EMT Basis 2 1998"]
[Site "Ringsted"]
[Date "1998.05.15"]
[Round "6"]
[White "Christoffersen, Ib"]
[Black "Munksgaard, Bo"]
[Result "0-1"]
[WhiteElo "1341"]
[BlackElo "1500"]
[PlyCount "79"]
[EventDate "1998.??.??"]

1. d4 Nf6 2. Nf3 g6 3. Nc3 Bg7 4. e4 d6 5. Bc4 O-O 6. h3 c6 7. O-O b5 8. Bd3 b4
9. Ne2 a5 10. c3 c5 11. e5 Ne8 12. Bf4 Bb7 13. Nh2 Nc6 14. Ng4 h5 15. Nh6+ Kh7
16. Qd2 cxd4 17. cxd4 dxe5 18. Be3 exd4 19. Bg5 Ne5 20. Nxd4 Nxd3 21. Qxd3 Bxh6
22. Bxh6 Kxh6 23. Qe3+ Kg7 24. Rad1 Nd6 25. Qe5+ Kg8 26. Ne2 Re8 27. Ng3 Qb6
28. Rd4 Qb5 29. Qe3 Nf5 30. Nxf5 Qxf5 31. Rfd1 e6 32. Rf4 Qg5 33. g4 hxg4 34.
Qg3 Kg7 35. Rxg4 Qb5 36. h4 Rh8 37. Rg5 Qc6 38. Kh2 Qf3 39. Rxg6+ fxg6 40. Qe5+
0-1

[Event "10. Lovsprings EMT Basis 2 1998"]
[Site "Ringsted"]
[Date "1998.05.15"]
[Round "6"]
[White "Elholm, Tommy"]
[Black "Mouritsen, Jan"]
[Result "1-0"]
[WhiteElo "1585"]
[BlackElo "1461"]
[PlyCount "57"]
[EventDate "1998.??.??"]

1. d4 Nf6 2. c4 e6 3. Nc3 Bb4 4. Bg5 O-O 5. Rc1 d5 6. e3 c6 7. Nf3 Nbd7 8. Bd3
dxc4 9. Bxc4 Qa5 10. Bxf6 Nxf6 11. O-O Bd6 12. e4 e5 13. d5 cxd5 14. exd5 a6
15. Re1 Re8 16. Ne4 Nxe4 17. Rxe4 b5 18. Bb3 Bf5 19. Re2 Bg4 20. Qd3 f5 21. Ng5
Bxe2 22. Qxe2 Rac8 23. Rc6 h6 24. Ne6 Bb8 25. g3 Kh7 26. Ng5+ Kh8 27. Qh5 Qe1+
28. Kg2 Ba7 29. Rxh6+ 1-0

[Event "10. Lovsprings EMT Basis 2 1998"]
[Site "Ringsted"]
[Date "1998.05.15"]
[Round "6"]
[White "Hansen, John Brangstrup"]
[Black "Jensen, Dan Bronnum"]
[Result "0-1"]
[WhiteElo "1597"]
[BlackElo "1439"]
[PlyCount "86"]
[EventDate "1998.??.??"]

1. d4 Nf6 2. c4 e5 3. d5 Bc5 4. e3 d6 5. Nc3 Nbd7 6. Be2 O-O 7. Nf3 h6 8. a3 a6
9. b4 Ba7 10. Qc2 c6 11. dxc6 bxc6 12. Bb2 Re8 13. Rd1 Qc7 14. O-O d5 15. c5
Bb8 16. e4 Bb7 17. Nh4 d4 18. Nb1 a5 19. Nd2 axb4 20. axb4 Bc8 21. Bc4 Nf8 22.
g3 Bg4 23. Ra1 Rxa1 24. Rxa1 Qb7 25. Qb3 Be6 26. Nf5 Bxc4 27. Qxc4 Ne6 28. f3
Nd7 29. Ba3 Bc7 30. Qd3 Ra8 31. Nc4 Ng5 32. Ncd6 Bxd6 33. Nxd6 Qa6 34. Qd1 Qa4
35. Qf1 Qb3 36. h4 Nxf3+ 37. Kg2 Rxa3 38. Rxa3 Qxa3 39. Qxf3 Qa2+ 40. Kf1 f6
41. Qf5 Nf8 42. Qc8 d3 43. Qg4 Qb1+ 0-1

[Event "10. Lovsprings EMT Basis 2 1998"]
[Site "Ringsted"]
[Date "1998.05.15"]
[Round "6"]
[White "Jensen, Soren3"]
[Black "Petersen, Torben William"]
[Result "1/2-1/2"]
[WhiteElo "1306"]
[BlackElo "1398"]
[PlyCount "104"]
[EventDate "1998.??.??"]

1. e4 Nc6 2. Nf3 d6 3. d4 e5 4. d5 Nce7 5. Nc3 Ng6 6. Bb5+ Bd7 7. Qd3 Nf6 8.
Bg5 Be7 9. Bxd7+ Qxd7 10. Qb5 a6 11. Qxd7+ Kxd7 12. Bxf6 Bxf6 13. O-O h5 14.
Ne2 Nf4 15. Ng3 h4 16. Nf5 g6 17. Ne3 Be7 18. g3 hxg3 19. fxg3 Nh3+ 20. Kg2 Ng5
21. h4 Nxe4 22. Nc4 f5 23. Nfd2 Nxd2 24. Nxd2 e4 25. Rae1 Bf6 26. c3 b5 27.
Nxe4 Bxh4 28. gxh4 fxe4 29. Rxe4 Rae8 30. Rff4 Re5 31. Rf7+ Kc8 32. Rxe5 dxe5
33. Kg3 e4 34. Rf6 Rh5 35. Rxg6 Rxd5 36. Rf6 Re5 37. Kf2 e3+ 38. Ke1 Re4 39.
Rf3 Rxh4 40. Rxe3 Rh1+ 41. Kd2 Kd7 42. a3 c5 43. Rg3 Rh2+ 44. Kc1 Re2 45. Rg5
Kd6 46. Rg4 Kd5 47. a4 Re4 48. Rg6 Rxa4 49. b3 Ra5 50. Kb2 Ke4 51. Rg5 b4 52.
cxb4 Rb5 1/2-1/2

[Event "10. Lovsprings EMT Basis 2 1998"]
[Site "Ringsted"]
[Date "1998.05.15"]
[Round "6"]
[White "Mortensen, Orla Lind"]
[Black "Christoffersen, Per"]
[Result "1-0"]
[WhiteElo "1384"]
[BlackElo "1432"]
[PlyCount "78"]
[EventDate "1998.??.??"]

1. e4 e6 2. d4 d5 3. Nc3 Nf6 4. Bg5 dxe4 5. Nxe4 Be7 6. Nxf6+ Bxf6 7. Bxf6 Qxf6
8. Nf3 O-O 9. Bd3 c5 10. c3 cxd4 11. Nxd4 Qe5+ 12. Ne2 Bd7 13. O-O Bc6 14. Qc2
g6 15. Rae1 Qg5 16. Ng3 Qd5 17. Ne4 Qd8 18. Rd1 Qe7 19. Rfe1 Nd7 20. Ng3 Nc5
21. Bc4 b5 22. Bf1 a6 23. Rd4 Rfd8 24. Red1 Rd5 25. Rxd5 Bxd5 26. c4 bxc4 27.
Bxc4 Bxc4 28. Qxc4 Rb8 29. b3 Rb6 30. b4 Na4 31. a3 Nb2 32. Qc8+ Kg7 33. Rd7
Qf6 34. Qc2 Nc4 35. Qc1 Ne5 36. Ne4 Qf5 37. Rd4 Nc6 38. Rc4 Ne5 39. Qc3 Rb5 1-0

[Event "10. Lovsprings EMT Basis 2 1998"]
[Site "Ringsted"]
[Date "1998.05.15"]
[Round "6"]
[White "Nilsson, Jonas Gosta"]
[Black "Kroyer, Stefan M"]
[Result "1/2-1/2"]
[WhiteElo "1471"]
[BlackElo "1601"]
[PlyCount "155"]
[EventDate "1998.??.??"]

1. e4 c6 2. d4 d5 3. Nc3 dxe4 4. Nxe4 Bf5 5. Ng3 Bg6 6. Nf3 Nd7 7. Bc4 Ngf6 8.
c3 e6 9. Nh4 Bd6 10. Nxg6 hxg6 11. Qf3 Qc7 12. Bd2 Qb6 13. O-O-O a5 14. Rde1
O-O-O 15. h3 c5 16. Be3 cxd4 17. Bxd4 Bc5 18. Bxc5 Qxc5 19. Bb3 Ne5 20. Qe3
Nd3+ 21. Kb1 Qxe3 22. Rxe3 Nxf2 23. Rf1 Rd2 24. Re2 Rxe2 25. Nxe2 N2e4 26. Kc1
Rd8 27. Bc2 Nc5 28. Nd4 Rd7 29. Nb5 Nd5 30. Rxf7 Rxf7 31. Nd6+ Kd7 32. Nxf7 Ne3
33. Bxg6 Nxg2 34. Ne5+ Ke7 35. Nc4 Nf4 36. Bc2 Nxh3 37. Nxa5 b6 38. Nc6+ Kd6
39. Nd4 g5 40. b4 Nd7 41. Bd1 Nf2 42. Bf3 Ne5 43. Bg2 Nc4 44. Nc2 g4 45. Bf1 g3
46. a4 e5 47. a5 bxa5 48. bxa5 Nxa5 49. Ne3 Ke6 50. Bg2 Nb3+ 51. Kc2 Nc5 52.
Nf1 Nce4 53. c4 Kd6 54. Nxg3 Nxg3 55. Kd2 Ng4 56. Bf3 Nf6 57. Ke3 Kc5 58. Kd3
Nf5 59. Bg2 Nd6 60. Bf3 Nxc4 61. Bg2 Nd6 62. Bf3 Nf7 63. Bg2 Ng5 64. Bh1 Ne8
65. Ba8 Nc7 66. Bg2 Nce6 67. Bh1 Nd4 68. Ke3 Ndf3 69. Bg2 e4 70. Bh3 Nd4 71.
Bg2 Nf5+ 72. Kf4 e3 73. Bf1 Nh3+ 74. Kxf5 Nf2 75. Kf4 Kd4 76. Kf3 Ne4 77. Be2
Ng5+ 78. Kg4 1/2-1/2